000 00346nam a22001337a 4500
999 _c55088
_d55088
008 200205b ||||| |||| 00| 0 eng d
041 _aeng
080 _2043.3
_a043.3
082 _a043.3
100 _a0
101 _aBTH
245 _aPrivatësia e Politikanëve Kosovar me theks të veçantë Portalet Kosovare
_cZaskoku,F
942 _2udc
_cBK